01201nam a2200265 a 4500001001000000003000900010005001700019008004100036040002500077082002400102100005000126245005500176260004500231300002000276500006300296504003000359650005200389651005600441910003700497942001400534952013200548952011700680952012300797999001500920000006601DO-SdBNP20240313133356.0090901s2000 dr 000 0 spa d aDO-SdBNPbspacBNPHU 4a972.9362bP438e2221 aPèrez Mèndez, Artagnan,d1929-201797710410aEse Moca desconocido /cArtagnan Pérez Méndez. aSanto Domingo :bAmigo del Hogar,c2000. a67 p. ;c22 cm. aIncluye datos biográficos del autor en la contracubierta aBibliografía : p. 67-68 4aCiudades y puebloszRepública Dominicana9784 4aRepública Dominicana, Moca xHistoria local97056 aValidado. Control de calidad MFF 2ddccLBS1 001054708DSaGRbGRcHDd2009-09-01iLF1l0o972.9362 P438ep6601-30r2020-06-25te. 3w2020-06-25yLFDSZPréstamo en sala 0010718PDaPDbPDcHDd2009-09-01iLF1l0o972.9362 P438ep6601-10r2020-06-25w2020-06-25yLFPDZNo se presta 0010718PDaPDbPDcHDd2009-09-01iLF1l0o972.9362 P438ep6601-20r2020-06-25te. 2w2020-06-25yLFPDZNo se presta c6392d6392